Statistics for Countries with Latvian embassies

Click here to take the quiz!

General Stats

  • This quiz has been taken 92 times
    (75 since last reset)
  • The average score is 28 of 37

Answer Stats

ContinentCountry% Correct
EuropeUnited Kingdom
98%
North AmericaUnited States of America
98%
Asia/ EuropeRussia
96%
North AmericaCanada
95%
AsiaChina
95%
EuropeEstonia
95%
EuropeGermany
95%
EuropeFinland
93%
EuropeFrance
93%
EuropeLithuania
93%
EuropeSpain
93%
EuropeDenmark
89%
AsiaJapan
89%
EuropePoland
89%
EuropeSweden
89%
EuropeNorway
88%
EuropeAustria
84%
EuropeBelarus
84%
EuropeItaly
82%
EuropeUkraine
82%
EuropeBelgium
77%
Europethe Netherlands
77%
EuropeIreland
75%
AsiaIndia
73%
EuropeCzech Republic
71%
EuropeGreece
70%
Asia/ EuropeTurkey
63%
EuropeHungary
61%
AsiaSouth Korea
59%
AfricaEgypt
57%
AsiaGeorgia
55%
AsiaIsrael
54%
EuropeMoldova
48%
AsiaKazakhstan
45%
AsiaAzerbaijan
41%
AsiaUnited Arab Emirates
38%
AsiaUzbekistan
34%

Score Distribution

Percentile by Number Answered

Percent of People with Each Score

Your Score History

You have not taken this quiz since the last reset